000 01306cam a2200337 a 4500
001 data
005 20260322212105.0
008 data
035 _a18553834
906 _a7
_bcbc
_ccopycat
_d2
_encip
_f20
_gy-gencatlg
925 0 _aacquire
_b2 shelf copies
_xgfh 2015-03-31
010 _a 2015372220
020 _a9781780682679
_qpbk
020 _a1780682670
_qpbk
035 _a(OCoLC)893408163
040 _aERASA
_beng
_cERASA
_dDLC
_dQGK
_dYDXCP
_dCDX
_dUAB
_dOCLCF
_dDLC
042 _alccopycat
050 0 0 _aK3165
_b.S6625 2014
082 0 4 _a342
_223
245 0 0 _aSources of constitutional law :
_bconstitutions and fundamental legislative provisions from the United States, France, Germany, the Netherlands and the United Kingdom, including the ECHR and EU Charter of Fundamental Rights /
_ceditors, Sascha Hardt, Aalt Willem Heringa.
260 _aCambridge, United Kingdom :
_bIntersentia,
_c[2014]
300 _aviii, 232 pages ;
_c24 cm
336 _atext
_btxt
_2rdacontent
337 _aunmediated
_bn
_2rdamedia
338 _avolume
_bnc
_2rdacarrier
650 0 _aConstitutional law.
650 7 _aConstitutional law.
_2fast
_0(OCoLC)fst00875797
700 1 _aHardt, Sascha,
_eeditor.
700 1 _aHeringa, A. W.,
_eeditor.
999 _c1541
_d1541